[Event "Pan American-ch Seniors 65"]
[Site "Florianopolis"]
[Date "2022.06.24"]
[Round "6"]
[White "Pereira, Silvio Cunha"]
[Black "Leskovar, Mario Leopoldo"]
[Result "1-0"]
[WhiteElo "2188"]
[BlackElo "2199"]
[PlyCount "83"]
[EventDate "2022.06.21"]
[EventType "swiss"]
[EventRounds "9"]
[EventCountry "BRA"]
[SourceTitle "CBM 209 Extra"]
[Source "ChessBase"]
[SourceDate "2022.09.30"]
[SourceVersion "1"]
[SourceVersionDate "2022.09.30"]
[SourceQuality "1"]

1. e4 d6 2. d4 Nf6 3. Nc3 e5 4. Nf3 exd4 5. Qxd4 Be7 6. Bg5 0-0 7. 0-0-0 Nc6 8. Qd2 a6 9. h3 Be6 10. Kb1 b5 11. Qe3 Nd7 12. Nd5 Bxd5 13. exd5 Bxg5 14. Nxg5 Nce5 15. f4 Nc4 16. Bxc4 bxc4 17. Qe4 Nf6 18. Qxc4 Re8 19. Rhe1 Qd7 20. Nf3 Qf5 21. g4 Rxe1 22. Nxe1 Qe4 23. Qxe4 Nxe4 24. Nd3 g6 25. c4 f5 26. Kc2 a5 27. g5 h6 28. h4 Kg7 29. Kb3 h5 30. Ka4 Kf7 31. Kb5 Ke7 32. Kc6 Kd8 33. Kb7 Rc8 34. b3 Kd7 35. a3 c6 36. dxc6+ Kd8 37. b4 Rc7+ 38. Kb6 axb4 39. axb4 Rc8 40. Nc5 Rb8+ 41. Nb7+ Kc8 42. c5 1-0

[Event "ARG-ch Seniors 65"]
[Site "Buenos Aires"]
[Date "2021.12.11"]
[Round "7"]
[White "Leskovar, Mario Leopoldo"]
[Black "Alvarez, Ernesto"]
[Result "1/2-1/2"]
[WhiteElo "2214"]
[BlackElo "2143"]
[PlyCount "46"]
[EventDate "2021.12.08"]
[EventType "swiss"]
[EventRounds "7"]
[EventCountry "ARG"]
[SourceTitle "CBM 205 Extra"]
[Source "ChessBase"]
[SourceDate "2022.01.31"]
[SourceVersion "1"]
[SourceVersionDate "2022.01.31"]
[SourceQuality "1"]

1. b3 e5 2. Bb2 Nc6 3. e3 Nf6 4. Bb5 d6 5. Ne2 Bd7 6. d4 a6 7. Bxc6 Bxc6 8. 0-0 e4 9. c4 d5 10. cxd5 Bxd5 11. Ba3 Bxa3 12. Nxa3 0-0 13. Nf4 Qe7 14. Nc4 Rad8 15. Qe2 c5 16. dxc5 Qxc5 17. Rac1 Bxc4 18. Rxc4 Qa5 19. Rc2 Rd7 20. Rd1 Rxd1+ 21. Qxd1 Rd8 22. Qc1 h6 23. h3 Qb6 1/2-1/2

[Event "ARG-ch Seniors 65"]
[Site "Buenos Aires"]
[Date "2021.12.10"]
[Round "4"]
[White "Calderon, Luis"]
[Black "Leskovar, Mario Leopoldo"]
[Result "0-1"]
[WhiteElo "1976"]
[BlackElo "2214"]
[PlyCount "56"]
[EventDate "2021.12.08"]
[EventType "swiss"]
[EventRounds "7"]
[EventCountry "ARG"]
[SourceTitle "CBM 205 Extra"]
[Source "ChessBase"]
[SourceDate "2022.01.31"]
[SourceVersion "1"]
[SourceVersionDate "2022.01.31"]
[SourceQuality "1"]

1. e4 d6 2. d4 Nf6 3. Nc3 e5 4. dxe5 dxe5 5. Qxd8+ Kxd8 6. Nf3 Bd6 7. Bc4 Be6 8. Bxe6 fxe6 9. 0-0 Nc6 10. a3 Ke7 11. Be3 a6 12. h3 Rhf8 13. Rad1 h6 14. Nh4 Kf7 15. g3 g5 16. Ng2 Nh5 17. Ne2 Ke7 18. f3 Rf7 19. c4 Nd4 20. Bxd4 exd4 21. f4 c5 22. e5 Bc7 23. g4 Nxf4 24. Nexf4 gxf4 25. Nxf4 Rg8 26. Rde1 b5 27. b3 Rb8 28. Rb1 Rxf4 0-1

[Event "ARG-ch Seniors 65"]
[Site "Coronel Pringles"]
[Date "2019.12.13"]
[Round "2.3"]
[White "Leskovar, Mario Leopoldo"]
[Black "Caballo, Carlos"]
[Result "1/2-1/2"]
[WhiteElo "2234"]
[BlackElo "1994"]
[PlyCount "37"]
[EventDate "2019.12.13"]
[EventType "swiss"]
[EventRounds "6"]
[EventCountry "ARG"]
[SourceTitle "EXT 2024"]
[Source "ChessBase"]
[SourceDate "2023.10.10"]
[SourceVersion "1"]
[SourceVersionDate "2023.10.10"]
[SourceQuality "1"]

1. d4 Nf6 2. Nf3 g6 3. Bg5 Bg7 4. Nbd2 h6 5. Bxf6 exf6 6. e3 d5 7. c4 c6 8. Qb3 0-0 9. Bd3 dxc4 10. Bxc4 b5 11. Be2 Bb7 12. 0-0 Nd7 13. Rac1 a6 14. Ne4 Qe7 15. Nc5 Bc8 16. Nd3 Bb7 17. Rc2 Rac8 18. Rfc1 Rfe8 19. Nfe1 1/2-1/2

[Event "General Pico op"]
[Site "General Pico"]
[Date "2019.04.05"]
[Round "1"]
[White "Leskovar, Mario Leopoldo"]
[Black "Shon, Mariano"]
[Result "1-0"]
[WhiteElo "2225"]
[BlackElo "1580"]
[PlyCount "85"]
[EventDate "2019.04.05"]
[EventType "swiss"]
[EventRounds "6"]
[EventCountry "ARG"]
[SourceTitle "CBM 190 Extra"]
[Source "ChessBase"]
[SourceDate "2019.07.15"]
[SourceVersion "1"]
[SourceVersionDate "2019.07.15"]
[SourceQuality "1"]

1. b3 b6 2. Nf3 Nf6 3. g3 Bb7 4. Bg2 g6 5. Bb2 Bg7 6. c4 c5 7. 0-0 0-0 8. e3 e6 9. d4 d5 10. dxc5 bxc5 11. cxd5 exd5 12. Qc1 Nbd7 13. Rd1 Qc7 14. Nc3 a6 15. Qc2 Rfd8 16. Rac1 Rac8 17. Na4 Ne4 18. Bxg7 Kxg7 19. Qb2+ f6 20. Nd2 Ng5 21. h4 Ne6 22. Nf3 Bc6 23. Nc3 Qb7 24. Ne1 Nb6 25. Ne2 Nc4 26. Qa1 Ne5 27. Bh3 Bd7 28. Bg2 Bc6 29. Nf4 Nxf4 30. gxf4 Nd7 31. Qc3 d4 32. Bxc6 Qxc6 33. exd4 Qe4 34. Qe3 Qf5 35. dxc5 Re8 36. Qd4 Rxe1+ 37. Rxe1 Qg4+ 38. Kf1 Qh3+ 39. Ke2 Qg4+ 40. Kd2 Qf5 41. Re7+ Kh6 42. Rxd7 Re8 43. Re1 1-0

[Event "Wch Seniors 65 28th"]
[Site "Bled"]
[Date "2018.11.28"]
[Round "10"]
[White "Leskovar, Mario Leopoldo"]
[Black "Anguera Maestro, Jaime"]
[Result "1-0"]
[WhiteElo "2242"]
[BlackElo "2072"]
[PlyCount "101"]
[EventDate "2018.11.18"]
[EventType "swiss"]
[EventRounds "11"]
[EventCountry "SLO"]
[SourceTitle "CBM 187 Extra"]
[Source "ChessBase"]
[SourceDate "2018.11.04"]
[SourceVersion "1"]
[SourceVersionDate "2018.11.04"]
[SourceQuality "1"]

1. b3 d5 2. Bb2 c5 3. e3 Nc6 4. Bb5 Bd7 5. f4 a6 6. Bxc6 Bxc6 7. Nf3 Nf6 8. Ne5 e6 9. Nxc6 bxc6 10. d3 Be7 11. Nd2 Nd7 12. e4 d4 13. 0-0 0-0 14. Nc4 f6 15. Bc1 Nb6 16. Na5 Qc7 17. Bd2 Rad8 18. Qf3 Rf7 19. Rae1 Rc8 20. Kh1 Bf8 21. f5 exf5 22. Qxf5 Bd6 23. Rf3 Qd7 24. Qh5 Qe6 25. Ref1 Nd7 26. Nc4 Ne5 27. Nxe5 Bxe5 28. Bf4 Rcf8 29. Kg1 g6 30. Qh4 g5 31. Qg3 h6 32. h4 g4 33. h5 Rg7 34. R3f2 Rgf7 35. Bxe5 Qxe5 36. Qxg4+ Rg7 37. Qh4 Rg5 38. Rf5 Qe7 39. Qf4 Qg7 40. Rxg5 fxg5 41. Qg4 Rxf1+ 42. Kxf1 Qf7+ 43. Kg1 Kg7 44. Qf3 Qe6 45. Kf2 a5 46. Qf5 Qd6 47. e5 Qf8 48. Qxf8+ Kxf8 49. Kf3 Ke7 50. Ke4 Ke6 51. g4 1-0

[Event "Wch Seniors 65 28th"]
[Site "Bled"]
[Date "2018.11.25"]
[Round "7"]
[White "Maryasin, Boris Feliksovich"]
[Black "Leskovar, Mario Leopoldo"]
[Result "1-0"]
[WhiteElo "2284"]
[BlackElo "2242"]
[PlyCount "89"]
[EventDate "2018.11.18"]
[EventType "swiss"]
[EventRounds "11"]
[EventCountry "SLO"]
[SourceTitle "CBM 187 Extra"]
[Source "ChessBase"]
[SourceDate "2018.11.04"]
[SourceVersion "1"]
[SourceVersionDate "2018.11.04"]
[SourceQuality "1"]

1. e4 g6 2. d4 Bg7 3. Nc3 c6 4. Be3 d5 5. f3 dxe4 6. fxe4 Nf6 7. Nf3 Qb6 8. Qd2 0-0 9. Bc4 Ng4 10. Bg5 e5 11. dxe5 Qc5 12. Bb3 Nxe5 13. Nxe5 Bxe5 14. 0-0-0 Be6 15. Bh6 Bg7 16. Bxg7 Kxg7 17. Bxe6 fxe6 18. Rhf1 Rxf1 19. Rxf1 Qe7 20. Rd1 Na6 21. Qd7 Re8 22. Qd4+ e5 23. Qxa7 Nc5 24. Kb1 Ne6 25. Qe3 Rd8 26. Rxd8 Qxd8 27. a4 Qa5 28. Qh3 Nf8 29. Qc8 Qb6 30. a5 Qa6 31. Qc7+ Kf6 32. b3 Ne6 33. Qxh7 Qxa5 34. Kb2 b6 35. h4 Qc5 36. g4 Nf4 37. Qd7 g5 38. Qf5+ Ke7 39. Qxg5+ Kd7 40. Qg7+ Kc8 41. h5 Qf2 42. Qg8+ Kd7 43. Qf7+ Kd6 44. Qf6+ Kd7 45. Qf5+ 1-0

[Event "ARG-ch Seniors 50/65"]
[Site "Torre Blanca"]
[Date "2018.10.20"]
[Round "2"]
[White "Leskovar, Mario Leopoldo"]
[Black "Tempone, Marcelo"]
[Result "1/2-1/2"]
[WhiteElo "2249"]
[BlackElo "2387"]
[PlyCount "41"]
[EventDate "2018.10.19"]
[EventType "swiss"]
[EventRounds "7"]
[EventCountry "ARG"]
[SourceTitle "CBM 187 Extra"]
[Source "ChessBase"]
[SourceDate "2018.11.04"]
[SourceVersion "1"]
[SourceVersionDate "2018.11.04"]
[SourceQuality "1"]

1. b3 e5 2. Bb2 d6 3. e3 g6 4. d4 Bg7 5. dxe5 Nd7 6. Nf3 Nh6 7. Nbd2 dxe5 8. Nc4 Qe7 9. Qd5 Ng4 10. Ba3 Ngf6 11. Qa5 c5 12. Rd1 0-0 13. Qc7 Ne8 14. Rxd7 Qe6 15. Qd8 Bf6 16. Bxc5 Bxd8 17. Rxd8 Qf6 18. Rd2 e4 19. Nd4 Nc7 20. Bxf8 Kxf8 21. a4 1/2-1/2

[Event "Rio Negro IRT"]
[Site "Rio Negro"]
[Date "2018.08.??"]
[Round "4.1"]
[White "Quiroga, Facundo"]
[Black "Leskovar, Mario Leopoldo"]
[Result "1/2-1/2"]
[WhiteElo "2270"]
[BlackElo "2243"]
[PlyCount "48"]
[EventDate "2018.08.17"]
[EventType "tourn"]
[EventRounds "6"]
[EventCountry "ARG"]
[SourceTitle "EXT 2024"]
[Source "ChessBase"]
[SourceDate "2023.10.10"]
[SourceVersion "1"]
[SourceVersionDate "2023.10.10"]
[SourceQuality "1"]

1. d4 d6 2. e4 Nf6 3. Nc3 e5 4. Nf3 Nbd7 5. Bc4 Be7 6. 0-0 0-0 7. a3 c6 8. Ba2 h6 9. Qe2 Re8 10. dxe5 Nxe5 11. Nxe5 dxe5 12. h3 Bd6 13. Be3 Qe7 14. Rad1 Be6 15. Bxe6 Qxe6 16. Rd3 Qe7 17. Rfd1 Bc5 18. Na4 Bxe3 19. Qxe3 b6 20. Nc3 Rad8 21. Qd2 Rxd3 22. Qxd3 Rc8 23. g3 Kf8 24. Kg2 Rc7 1/2-1/2

[Event "Pan American-ch Seniors 65"]
[Site "Neiva"]
[Date "2017.10.12"]
[Round "4"]
[White "Leskovar, Mario Leopoldo"]
[Black "Gutierrez Herrera, Jose Antonio"]
[Result "0-1"]
[WhiteElo "2280"]
[BlackElo "2147"]
[PlyCount "60"]
[EventDate "2017.10.11"]
[EventType "swiss"]
[EventRounds "9"]
[EventCountry "COL"]
[SourceTitle "CBM 181 Extra"]
[Source "ChessBase"]
[SourceDate "2017.12.12"]
[SourceVersion "1"]
[SourceVersionDate "2017.12.12"]
[SourceQuality "1"]

1. b3 Nf6 2. Bb2 d6 3. g3 g6 4. Bxf6 exf6 5. d4 Bg7 6. e3 0-0 7. Bg2 f5 8. Ne2 c6 9. 0-0 Nd7 10. c4 Nf6 11. Nbc3 Re8 12. Qd3 Qe7 13. b4 Ne4 14. c5 dxc5 15. bxc5 b6 16. cxb6 axb6 17. Rfc1 Ba6 18. Qc2 Nxf2 19. Nf4 Qxe3 20. Bxc6 Nd3+ 21. Kg2 Nxc1 22. Rxc1 Rac8 23. Bxe8 Bb7+ 24. Kh3 Qxe8 25. Qd2 g5 26. Nh5 g4+ 27. Kh4 Qd8+ 28. Qg5 Qxg5+ 29. Kxg5 Bxd4 30. Nf6+ Kh8 0-1

[Event "ARG-ch Seniors 65"]
[Site "Termas de Rio Hondo"]
[Date "2017.04.20"]
[Round "2"]
[White "Leskovar, Mario Leopoldo"]
[Black "Moccero, Eduardo"]
[Result "1-0"]
[WhiteElo "2292"]
[BlackElo "1960"]
[PlyCount "89"]
[EventDate "2017.04.19"]
[EventType "swiss"]
[EventRounds "7"]
[EventCountry "ARG"]
[SourceTitle "EXT 2024"]
[Source "ChessBase"]
[SourceDate "2023.10.10"]
[SourceVersion "1"]
[SourceVersionDate "2023.10.10"]
[SourceQuality "1"]

1. b3 d5 2. Bb2 Nf6 3. e3 e6 4. f4 Be7 5. Nf3 c5 6. Bb5+ Bd7 7. a4 a6 8. Bxd7+ Qxd7 9. 0-0 Nc6 10. d3 0-0 11. Nbd2 b5 12. Ne5 Qc7 13. Rf3 Nd7 14. Nxd7 Qxd7 15. Rh3 d4 16. Qh5 h6 17. Nf3 Rad8 18. Rg3 Kh8 19. Ng5 Bxg5 20. fxg5 Qd5 21. Qh4 Ne7 22. gxh6 Ng6 23. hxg7+ Kxg7 24. Rg5 e5 25. axb5 Rh8 26. Qg3 axb5 27. Ra7 Rh6 28. e4 Qe6 29. Bc1 Rdh8 30. h3 Rh5 31. Rxh5 Rxh5 32. Bg5 c4 33. bxc4 bxc4 34. h4 cxd3 35. cxd3 Qb3 36. Qf3 Qb1+ 37. Kf2 Qc2+ 38. Kg3 Nf4 39. Bxf4 exf4+ 40. Kh3 Rh6 41. Ra5 Qc1 42. h5 Rf6 43. Kh2 Qc8 44. Rd5 Qc3 45. Qg4+ 1-0

[Event "ARG-ch Seniors 65"]
[Site "Termas de Rio Hondo"]
[Date "2017.04.19"]
[Round "1"]
[White "Cagliero, Hugo"]
[Black "Leskovar, Mario Leopoldo"]
[Result "0-1"]
[WhiteElo "1724"]
[BlackElo "2292"]
[PlyCount "66"]
[EventDate "2017.04.19"]
[EventType "swiss"]
[EventRounds "7"]
[EventCountry "ARG"]
[SourceTitle "EXT 2024"]
[Source "ChessBase"]
[SourceDate "2023.10.10"]
[SourceVersion "1"]
[SourceVersionDate "2023.10.10"]
[SourceQuality "1"]

1. e4 c6 2. d4 g6 3. Nf3 Bg7 4. c3 d5 5. Nbd2 dxe4 6. Nxe4 Nf6 7. Nxf6+ exf6 8. Bd3 0-0 9. 0-0 Qe7 10. Be3 Be6 11. Qd2 Bd5 12. Be2 Re8 13. c4 Be4 14. Rac1 Nd7 15. Bf4 Qd8 16. Rfd1 Nb6 17. Ne1 g5 18. Be3 Qe7 19. Nc2 Rad8 20. Bf1 h6 21. Re1 Qd7 22. f3 Bxc2 23. Qxc2 f5 24. Kh1 f4 25. Bf2 Rxe1 26. Rxe1 Bxd4 27. Rd1 c5 28. Bxd4 cxd4 29. h4 Nc8 30. Bd3 Ne7 31. hxg5 hxg5 32. Re1 Nc6 33. Bf5 d3 0-1

[Event "PRO League Stage"]
[Site "Chess.com INT"]
[Date "2017.02.22"]
[Round "7"]
[White "Leskovar, Mario Leopoldo"]
[Black "Charbonneau, Pascal"]
[Result "0-1"]
[WhiteElo "2292"]
[BlackElo "2505"]
[PlyCount "66"]
[EventDate "2017.01.11"]
[EventType "team-swiss (rapid)"]
[EventRounds "7"]
[EventCountry "USA"]
[SourceTitle "EXT 2018"]
[Source "ChessBase"]
[SourceDate "2017.10.13"]
[SourceVersion "1"]
[SourceVersionDate "2017.10.13"]
[SourceQuality "1"]
[WhiteTeam "Patagonia Penguins"]
[BlackTeam "Montclair Sopranos"]
[WhiteTeamCountry "ARG"]
[BlackTeamCountry "USA"]

1. b3 d5 2. Bb2 Bf5 3. d3 e6 4. Nd2 Nf6 5. Ngf3 Be7 6. g3 0-0 7. Bg2 h6 8. 0-0 Nbd7 9. c4 c6 10. Qc2 Bh7 11. a3 a5 12. Bc3 b5 13. cxb5 cxb5 14. Rfc1 Qb8 15. b4 axb4 16. Bxb4 Bxb4 17. axb4 Rxa1 18. Rxa1 e5 19. Rc1 Qd6 20. Qc3 Bf5 21. d4 e4 22. Ne5 Re8 23. Nxd7 Qxd7 24. Nf1 Qa7 25. Ne3 Rc8 26. Qb2 Rxc1+ 27. Qxc1 Be6 28. Qb2 Ne8 29. f3 Nd6 30. Kf2 f5 31. Nc2 Nc4 32. Qa1 Qa4 33. Qa2 Qxa2 0-1

[Event "Mar del Plata op 47th"]
[Site "Mar del Plata"]
[Date "2016.03.24"]
[Round "7"]
[White "Leskovar, Mario Leopoldo"]
[Black "Rodriguez Vila, Andres"]
[Result "0-1"]
[WhiteElo "2315"]
[BlackElo "2488"]
[PlyCount "53"]
[EventDate "2016.03.19"]
[EventType "swiss"]
[EventRounds "9"]
[EventCountry "ARG"]
[SourceTitle "CBM 171 Extra"]
[Source "ChessBase"]
[SourceDate "2016.04.26"]
[SourceVersion "1"]
[SourceVersionDate "2016.04.26"]
[SourceQuality "1"]

1. b3 e5 2. Bb2 d6 3. e3 Nf6 4. d4 Qe7 5. Nf3 e4 6. Nfd2 g6 7. c4 Bg7 8. Nc3 0-0 9. Qc2 Re8 10. h3 h5 11. 0-0-0 c5 12. dxc5 dxc5 13. Nd5 Nxd5 14. cxd5 Bxb2+ 15. Qxb2 Nd7 16. Bb5 a6 17. d6 Qg5 18. Bxd7 Bxd7 19. Nc4 Rad8 20. Na5 b5 21. g4 Re6 22. Kb1 Bc8 23. h4 Qxg4 24. Nc6 Rdxd6 25. Ne7+ Kh7 26. Rxd6 Rxd6 27. Qe5 0-1

[Event "Mar del Plata op 47th"]
[Site "Mar del Plata"]
[Date "2016.03.20"]
[Round "3"]
[White "Leskovar, Mario Leopoldo"]
[Black "Fernandez, Alejandro"]
[Result "1-0"]
[WhiteElo "2315"]
[BlackElo "1967"]
[PlyCount "85"]
[EventDate "2016.03.19"]
[EventType "swiss"]
[EventRounds "9"]
[EventCountry "ARG"]
[SourceTitle "CBM 171 Extra"]
[Source "ChessBase"]
[SourceDate "2016.04.26"]
[SourceVersion "1"]
[SourceVersionDate "2016.04.26"]
[SourceQuality "1"]

1. b3 e5 2. Bb2 Nc6 3. e3 d5 4. Bb5 Bd6 5. f4 Qe7 6. Nf3 f6 7. Nc3 Be6 8. fxe5 fxe5 9. e4 Nf6 10. Bxc6+ bxc6 11. Qe2 d4 12. Na4 0-0 13. Ng5 Bd7 14. 0-0 h6 15. Nf3 g6 16. Rae1 Rae8 17. Bc1 Nh5 18. d3 Kh7 19. Nb2 Nf4 20. Bxf4 Rxf4 21. Rf2 Ref8 22. Nc4 g5 23. Ref1 Bg4 24. g3 Bxf3 25. Rxf3 Rxf3 26. Rxf3 Qe6 27. Rxf8 Bxf8 28. Qf3 Bd6 29. g4 Kg7 30. Qf5 Qe7 31. Kg2 Qf7 32. h3 c5 33. Kf3 Qe7 34. Ke2 Qe8 35. Kd1 Qe7 36. Kc1 Qe8 37. Kb2 Qe7 38. Qc8 Qf6 39. Qd7+ Kf8 40. Qf5 Ke7 41. Qxf6+ Kxf6 42. Ka3 Ke6 43. Ka4 1-0